• 首页
  • 本馆介绍
  • 公告通知
  • 最新文献
  • 馆藏检索
  • 电子资源
  • 读者荐购
  • 参考咨询
  • CALIS
  • 我的图书馆
  • 登录
  • 详细信息显示
  • 放入我的书架
  • 预约/预借图书
  • 作者相关作品
  • 分类相关作品
  • 丛书相关作品
  • 出版社相关作品

书目信息

  • 表格格式
  • 工作单格式
  • 卡片格式
题名:
现代摄影教程
    
 
作者: 薛以平 , 曾勇 编著
分册:  
出版信息: 北京   中国建筑工业出版社  2008.09
页数: 114页
开本: 29cm
丛书名:
单 册:
中图分类: J41
科图分类:
主题词: 摄影技术--she ying ji shu--教材
电子资源:
ISBN: 978-7-112-10147-4
 
 
 
 
 
000 00977nam0 2200289 450
001 012009662922
005 20091006093840.25
010    @a978-7-112-10147-4@dCNY48.00
100    @a20091006d2008 em y0chiy0120 ea
101 0  @achi
102    @aCN@b110000
105    @aa a 000yy
106    @ar
200 1  @a现代摄影教程@Axian dai she ying jiao cheng@e摄影基础知识@f薛以平, 曾勇编著@Fxue yi ping,ceng yong bian zhu
210    @a北京@c中国建筑工业出版社@d2008.09
215    @a114页@c图@d29cm
312    @a英文并列题名取自于封面
320    @a有书目 (第114页)
330    @a本书主要包括四个部分,即:基本摄影器材、摄影基本技术、摄影创作基本方法以及摄影构图。
510    @aModern photography guide@zeng
517 1  @a摄影基础知识@Ashe ying ji chu zhi shi
606 0  @a摄影技术@Ashe ying ji shu@j教材
690    @aJ41@v4
701  0 @a薛以平@Axue yi ping@4编著
701  0 @a曾勇@Aceng yong@4编著
801  0 @aCN@bQSSK@c20091006
905    @b760234-36@dJ41@eX972@f3
    
    现代摄影教程:摄影基础知识/薛以平, 曾勇编著.-北京:中国建筑工业出版社,2008.09
    114页:图;29cm
    ←并列题名:Modern photography guide
    
    ISBN 978-7-112-10147-4:CNY48.00
    本书主要包括四个部分,即:基本摄影器材、摄影基本技术、摄影创作基本方法以及摄影构图。
●
相关链接 在E读中查询图书 在当当中查询图书 在豆瓣中查询图书


正题名:现代摄影教程     索取号:J41/X972         预约/预借

序号 登录号 条形码 馆藏地/架位号 状态 备注
1 760234   207602343   社科库309/309社科库 83排3列4层/ [索取号:J41/X972] 在馆    
2 760235   207602352   社科库309/309社科库 83排3列4层/ [索取号:J41/X972] 在馆    
3 760236   207602361   社科库309/309社科库 83排3列4层/ [索取号:J41/X972] 在馆    
河南城建学院图书馆 欢迎您!
大连网信软件有限公司© 版权所有